000 00300nam a22001337a 4500
008 170522b xxu||||| |||| 00| 0 eng d
020 _a9780415917698
041 _aeng
080 _a 94(7/8)
100 _a16
101 _aSHH
245 _aNEW AMERICAN DESTINIES
_cHAMAMOTO,D.Y
942 _2udc
_cBK
999 _c13717
_d13717